| 000 | 00741nam a2200277Ia 4500 | ||
|---|---|---|---|
| 008 | 171025s9999 xx 000 0 und d | ||
| 020 | _a446577847 | ||
| 050 | _a248.4 | ||
| 050 | _bO85 2005 | ||
| 100 | _aOsteen, Joel | ||
| 245 | _aYour best life now : | ||
| 245 | _ba guide to reaching your full potential / | ||
| 245 | _cby Joel Osteen. | ||
| 250 | _aFirst edition | ||
| 260 | _aNew York : | ||
| 260 | _bWarner Faith, | ||
| 260 | _c2005 | ||
| 300 | _a210 pages : | ||
| 300 | _billustrations ; | ||
| 300 | _c21cm. | ||
| 650 | _aSelf-actualization (Psychology) -- | ||
| 650 | _aSelf-realization -- | ||
| 650 | _xReligious aspects -- Christianity. | ||
| 650 | _xReligious aspects -- Christianity. | ||
| 700 | _aTitle. | ||
| 999 |
_c344463 _d344463 |
||